000 00206nam a2200097Ia 4500
008 240331s9999 xx 000 0 und d
082 _bBEG
100 _aBegam,S.J
245 0 _aKadhala? Kadamaiya?
942 _cL
999 _c3740
_d3740